00532nam a2200193Ii 450000100060000000300090000600800410001502000150005604000330007104100080010408200130011210000200012524500590014526400410020430000120024533600260025733700280028333800270031118507CO-ViMGA241108s9999||||xx |||||||||||||| ||und|| a9586077381 aCO-ViMGAbspaerdacCO-ViMGA0 aspa04a220 L15b1 aJ. Stephen Lang10aBiblia y buen humor :bmiles de preguntas y respuestas 1aBogotá, Colombia : San Pablo, 1994 avolumen atextbtxt2rdacontent aunmediatedbn2rdamedia avolumebnc2rdacarrier